| 000 | 00630nam a2200229Ia 4500 | ||
|---|---|---|---|
| 003 | OSt | ||
| 005 | 20220926014511.0 | ||
| 006 | a|||||r|||| 00| 0 | ||
| 007 | ta | ||
| 008 | 220923b |||||||| |||| 00| 0 eng d | ||
| 037 | _cGeneral Book | ||
| 040 |
_aRTL _cRTL _beng |
||
| 041 |
_2eng _aeng |
||
| 082 | _aYv, L7 | ||
| 100 |
_aPfeiffer John E _951639 |
||
| 245 | 0 |
_aEmergence of society _b A prehistory of the establi |
|
| 260 |
_aNew York _bMcGraw-Hill _c1977 |
||
| 300 |
_a512p _ccm. |
||
| 500 | _aBibliography P 477-497 | ||
| 942 |
_hYv, L7 _cGB _2CC |
||
| 999 |
_c629167 _d629167 |
||